000 00328nam a22001337a 4500
020 _a8122411630
082 _222
_a620.1776
100 _aKapoor, Baljeets.
245 _aFluid machanics /
250 _a2 nd.
260 _aNew Delhi,
_bNew Age International,
_cc2006.
300 _axi,648 p. ;
_bill. ;
_c23 cm.
942 _2ddc
_cMEC
_02
999 _c926
_d926